000
00268nam a2200109Ia 4500
008
220204s9999 xx 000 0 und d
082
_a
327
_b
DEU
100
_a
Deutsch, K W
245
0
_a
Problems of world modelling
260
_a
Cambridge
_b
Ballinger
_c
1977
942
_c
BK
999
_c
31657
_d
31657